000 00721cam a2200205 i 4500
001 2772672
005 20250724172512.0
008 801212s1980 ilu db 001 0 eng
020 _a0802486312 (set) :
_c$34.95
020 _a9780802486318
050 0 0 _aBS440
_b.T49
082 0 0 _a221.4/4/0321
_219
245 0 0 _aTheological wordbook of the Old Testament /
_cR. Laird Harris, editor, Gleason L. Archer, Jr., associate editor, Bruce K. Waltke, associate editor.
260 _aChicago :
_bMoody Press,
_cc1980.
300 _a2 v. ;
_c26 cm.
700 1 _aHarris, R. Laird
_q(Robert Laird),
_d1911-2008.
700 1 _aArcher, Gleason L.
_q(Gleason Leonard),
_d1916-2004.
700 1 _aWaltke, Bruce K.
942 _2lcc
_cREF
_n0
999 _c7153
_d7153